000 01074nam a22002535i 4500
001 160337
003 ES-MaACL
005 20230906212014.0
008 040921s1893 gw af |||| | ger d
040 _aCAM
_bspa
_cCAM
100 1 _aMüller, Iwan von.
_9130367
245 1 4 _aDie griechischen privat-und kriegsaltertümer /
_cvon Iwan von Müller und Adolf Bauer.
250 _a2. Aufl.
260 _aMünchen :
_bC.H. Beck'sche verlagsbuchhandlung,
_c1893.
300 _aIX, 502 p., III h. lám. ;
_c25 cm.
490 1 _aHandbuch der klassischen altertums-wissenschaft / herausgegeben von Iwan von Müller ;
_v4, 2
505 8 _aContiene : Die griechischen privataltertümer / von Iwan von Müller . Die griechischen kriegsaltertümer / von Adolf Bauer
650 4 _aCivilización griega.
_9137206
700 1 1 _aBauer, Adolf.
_9125861
752 _aAlemania -
_cMunich
830 0 _aHandbuch der klassischen altertums-wissenschaft / herausgegeben von Iwan von Müller ;
_v4, 2
_9222041
852 _aES-MaACL
_jF-15194
_z-- Enc. tela
999 _c160337
_d160337